Classification de Linné. - Statistiques

Statistiques générales
  • Ce quiz a été pris 11 fois
  • Le résultat moyen est 23 sur 35
Statistiques - réponses
Hint 1 Hint 2 Réponse % Correct
Celui de Louis XIV fût le plus long. R Règne
100%
Se définit par rapport à la précédente réponse de ce quizz par l'ajout d'une préposition. S-R Sous-règne
91%
Terme employé par Homer Simpson pour morigéner son fils Bart. "____ de piti..." E Espèce
82%
Il est souvent d'olivier. R Rameau
82%
Contraire de mort. V Vivant
82%
On l'a ou pas. Tout élève y passe plusieurs années de sa vie. C Classe
73%
Selon le titre d'un film avec Christian Clavier, on ne la choisit pas. A la différence de ses amis. F Famille
73%
On va à la salle de sport pour la (re-)trouver F Forme
73%
Mot répété à chaque bout de phrase par certains d'jeuns. G Genre
73%
Il est rétabli après une période troublée. O Ordre
73%
Se définit par rapport à la précédente réponse de ce quizz par l'ajout d'une préposition. S-C Sous-classe
73%
Se définit par rapport à la précédente réponse de ce quizz par l'ajout d'une préposition. S-E Sous-espèce
73%
Se définit par rapport à la précédente réponse de ce quizz par l'ajout d'une préposition. S-F Sous-famille
73%
Se définit par rapport à la précédente réponse de ce quizz par l'ajout d'une préposition. S-F Sous-forme
73%
Se définit par rapport à la précédente réponse de ce quizz par l'ajout d'une préposition. S-G Sous-genre
73%
Se définit par rapport à la précédente réponse de ce quizz par l'ajout d'une préposition. S-O Sous-ordre
73%
Se définit par rapport à la prochaine réponse de ce quizz avec l'ajout d'un adverbe qui exprime l’enthousiasme. S-R,E,D Super-Règne | Empire | Domaine
73%
Désigne la rencontre de deux chemins E,D Embranchement | Division
64%
Se définit par rapport à une précédente réponse de ce quizz par l'ajout d'un adverbe. I-C Infra-classe
64%
Se définit par rapport à une précédente réponse de ce quizz par l'ajout d'un adverbe. I-O Infra-ordre
64%
A l'école, elle peut être petite, grande ou bien moyenne. S Section
64%
Se définit par rapport à la précédente réponse de ce quizz par l'ajout d'une préposition. S-S Sous-section
64%
Se définit par rapport à la précédente réponse de ce quizz par l'ajout d'une préposition. S-T Sous-tribu
64%
Se définit par rapport à la précédente réponse de ce quizz par l'ajout d'une préposition. S-V Sous-variété
64%
Se définit par rapport à la prochaine réponse de ce quizz avec l'ajout d'un adverbe qui exprime l’enthousiasme. S-F Super-Famille
64%
Se définit par rapport à la prochaine réponse de ce quizz avec l'ajout d'un adverbe qui exprime l’enthousiasme. S-O Super-ordre
64%
Désigne chacune des divisions du peuple, chez quelques nations anciennes. T Tribu
64%
Genre musical à qui l'on a retiré son pluriel V Variété
64%
Se définit par rapport à une précédente réponse de ce quizz par l'ajout d'un adverbe. I-E Infra-embranchement
55%
Se définit par rapport à la précédente réponse de ce quizz par l'ajout d'une préposition. S-E,S-D Sous-embranchement | Sous-division
55%
Se définit par rapport à la prochaine réponse de ce quizz avec l'ajout d'un adverbe qui exprime l’enthousiasme. S-C Super-classe
55%
Se définit par rapport à une précédente réponse de ce quizz par l'ajout d'un adverbe. I-R Infra-règne
45%
Se définit par rapport à la prochaine réponse de ce quizz avec l'ajout d'un adverbe qui exprime l’enthousiasme. S-E,S-D Super-embranchement | Super-division
45%
Se définit par rapport à une précédente réponse de ce quizz par l'ajout d'une abréviation pour préfixe. M-E Micro-embranchement
27%
Se définit par rapport à une précédente réponse de ce quizz par l'ajout d'une abréviation pour préfixe. M-O Micro-ordre
27%
Aucun quiz correspondant
Distribution des résultats
% des personnes avec chaque résultat
Percentile par nombre de réponses
Votre historique - résultats
Vous n’avez pas pris ce quiz